Statistics for Country Capitals Larger than Neighboring Countries' Capitals

Click here to take the quiz!

General Stats

  • This quiz has been taken 37 times
  • The average score is 16 of 23

Answer Stats

PopulationContinentCapital% Correct
8,918,653North AmericaMexico City
100%
21,700,000AsiaBeijing
97%
10,852,210South AmericaLima
97%
9,500,000AfricaCairo
94%
8,673,713EuropeLondon
94%
10,125,000AfricaKinshasa
84%
3,182,981EuropeMadrid
84%
8,846,782AsiaTehran
84%
10,042,200AsiaJakarta
81%
9,776,305AsiaSeoul
81%
2,873,147EuropeRome
77%
5,686,646AsiaBangkok
74%
3,644,826EuropeBerlin
74%
987,310North AmericaPort-au-Prince
71%
2,712,944AfricaAlgiers
68%
4,397,073AfricaNairobi
48%
935,619EuropeStockholm
48%
1,157,509North AmericaTegucigalpa
45%
8,906,035AsiaDhaka
42%
1,766,184AfricaMaputo
42%
1,028,514North AmericaOttawa
32%
2,440,462AfricaYaoundé
26%
2,388,700AfricaOuagadougou
13%

Score Distribution

Percentile by Number Answered

Percent of People with Each Score

Your Score History

You have not taken this quiz